00545nam a22001691a 45000010005000000030004000050050017000090080041000260500021000670820021000881000018001092450139001272640035002663000011003015000026003126500037003381683OSt20260204211743.0040120s1995||||dr ||||||b||||||||||spa|| aRD 371.422 R147o aRD 371.422 R147o aRamos, Milcia aOrientación profesional: una nueva perspectiva para mejorar los servicios de salud e higiene mental en Santo Domingo / Milcia Ramos aSanto Domingo : Imp. Gráfica a183 p. aIncluye ibliografía a1.Educación - OrientaciónÌ